Полное собрание сочинений. Т. III: Поэмы | Драмы (Запись № 13632108)

Подробности
000 -МАРКЕР
контрольное поле 01904nam2a2200301 4500
001 - ИДЕНТИФИКАТОР ЗАПИСИ
контрольное поле rc\2984944
005 - ИДЕНТИФИКАТОР ВЕРСИИ
контрольное поле 20120823125055.6
010 ## - МЕЖДУНАРОДНЫЙ СТАНДАРТНЫЙ НОМЕР КНИГИ (ISBN)
Уточнения Переплет
Цена 4 р. 50 к., пер. 50 к.
Тираж 25000
021 ## - НОМЕР ГОСУДАРСТВЕННОЙ РЕГИСТРАЦИИ
Код страны Российская Федерация
Номер 20733-34/34 г. XVБ
-- М938
035 ## - ДРУГИЕ СИСТЕМНЫЕ НОМЕРА
Идентификатор записи (NLR Aleph) 008785998
100 ## - ДАННЫЕ ОБЩЕЙ ОБРАБОТКИ
Данные общей обработки 20110911d1934 u||y0rusy50 ca
101 0# - ЯЗЫК РЕСУРСА
Язык текста, звукозаписи и т.д. русский
102 ## - СТРАНА ПУБЛИКАЦИИ ИЛИ ПРОИЗВОДСТВА
Страна публикации Российская Федерация
105 ## - ПОЛЕ КОДИРОВАННЫХ ДАННЫХ: ТЕКСТОВЫЕ МАТЕРИАЛЫ, МОНОГРАФИЧЕСКИЕ
Кодированные данные о монографическом текстовом документе c z |||g|
200 1# - ЗАГЛАВИЕ И СВЕДЕНИЯ ОБ ОТВЕТСТВЕННОСТИ
Основное заглавие Поэмы
-- Драмы
Первые сведения об ответственности ред. С.М. Бонди, Б.В. Томашевского, П.Е. Щеголева
210 ## - ПУБЛИКАЦИЯ, РАСПРОСТРАНЕНИЕ И ДР.
Место издания, распространения и т.д. Москва
-- Ленинград
Имя издателя, распространителя и т. д. ГИХЛ
Дата издания, распространения и т.д. 1934
215 ## - ФИЗИЧЕСКАЯ ХАРАКТЕРИСТИКА
Специфическое обозначение материала и объем 536 с., 1 вкл. л. портр.
Размеры 18х12
461 #0 - УРОВЕНЬ НАБОРА
Встроенное поле 001rc\2984941
-- 2001#$aПолное собрание сочинений$eв 6 томах$fА.С. Пушкин$gпод общ. ред. Демьяна Бедного, А.В. Луначарского, П.Н. Сакулина ... [и др.]$gвступ. ст. А.В. Луначарского$vТ. III
-- 700#1$3RU\NLR\AUTH\77386$8rus$7ca$aПушкин$bА. С.$f1799-1837$gАлександр Сергеевич
Системный номер (АБИС) связанной записи 8010965
Автор Пушкин, А. С. (1799-1837)
Место публикации Москва
Дата публикации 1934
Издание 2-е изд.
Первые сведения об ответственности А.С. Пушкин
Имя издателя, распространителя и т.д. Государственное издательство художественной литературы
Сведения, относящиеся к заглавию в 6 томах
Заглавие Полное собрание сочинений
Номер тома Т. III
702 #1 - ИМЯ ЛИЦА - ВТОРИЧНАЯ ОТВЕТСТВЕННОСТЬ
Код отношения Редактор
Графика поля Кириллица
Материалы, к которым относится поле rus
Начальный элемент ввода Щеголев
Часть имени, кроме начального элемента ввода П. Е.
Даты 1877-1931
Расширение инициалов личного имени Павел Елисеевич
Системный номер авторитетной/нормативной записи 67133
Идентификатор авторитетной/нормативной записи RU\NLR\AUTH\7784205
702 #1 - ИМЯ ЛИЦА - ВТОРИЧНАЯ ОТВЕТСТВЕННОСТЬ
Код отношения Редактор
Начальный элемент ввода Бонди
Часть имени, кроме начального элемента ввода С. М.
Даты 1891-1983
Расширение инициалов личного имени Сергей Михайлович
Системный номер авторитетной/нормативной записи 49051
Идентификатор авторитетной/нормативной записи RU\NLR\AUTH\7766122
702 #1 - ИМЯ ЛИЦА - ВТОРИЧНАЯ ОТВЕТСТВЕННОСТЬ
Код отношения Редактор
Графика поля Кириллица
Материалы, к которым относится поле rus
Начальный элемент ввода Томашевский
Часть имени, кроме начального элемента ввода Б. В.
Даты 1890-1957
Расширение инициалов личного имени Борис Викторович
Системный номер авторитетной/нормативной записи 42988
Идентификатор авторитетной/нормативной записи RU\NLR\AUTH\7760057
801 #0 - ИСТОЧНИК ЗАПИСИ
Страна Российская Федерация
Организация NLR
Правила каталогизации psbo
801 #1 - ИСТОЧНИК ЗАПИСИ
Страна Российская Федерация
Организация ELAR
Источник данных rusmarc
801 #2 - ИСТОЧНИК ЗАПИСИ
Страна Российская Федерация
Организация NLR
Дата составления 20120823
Источник данных rusmarc
852 ## - МЕСТОНАХОЖДЕНИЕ И ШИФР ХРАНЕНИЯ
Идентификатор организации NLR
Шифр хранения (Call Number) Пушкин/1-105
942 ## - ДОПОЛНИТЕЛЬНЫЕ ЭЛЕМЕНТЫ ЗАПИСИ (АБИС)
Тип экземпляра АБИС Книга
980 ## - КОЛЛЕКЦИЯ
Название коллекции Национальная библиография

Нет доступных экземпляров.